000
00457nam a2200145Ia 4500
008
100122s9999 xx 000 0 und d
082
_b
42883
_a
823.08
100
_a
शिरवळकर सुहास
245
_a
कथा पोर्णिमा
260
_b
गुरु पब्लिकेशन्स
_c
1989
300
_a
219
630
_a
कथा पोर्णिमा
730
_a
कथा पोर्णिमा
942
_c
BOOK
999
_c
423178
_d
423175